[Event "Competence Computers Int"]
[Site "Brighton"]
[Date "1980.12.15"]
[Round "6"]
[White "Taulbut, Shaun M"]
[Black "Goodman, David SC"]
[Result "1-0"]
[WhiteElo "2375"]
[BlackElo "2375"]
[PlyCount "67"]
[EventDate "1980.12.10"]
[EventType "tourn"]
[EventRounds "9"]
[EventCountry "ENG"]
[SourceTitle "EXT 2018"]
[Source "ChessBase"]
[SourceDate "2017.10.13"]
[SourceVersion "1"]
[SourceVersionDate "2017.10.13"]
[SourceQuality "1"]

1. e4 g6 2. d4 d6 3. c3 Bg7 4. Nf3 Nf6 5. Bd3 O-O 6. O-O Nc6 7. d5 Nb8 8. h3
Nbd7 9. Re1 Nc5 10. Bc2 e5 11. dxe6 Bxe6 12. Nd4 Re8 13. Bg5 h6 14. Bh4 Bc8 15.
Nd2 a5 16. f4 Qd7 17. Qf3 b6 18. Bxf6 Bxf6 19. e5 Bb7 20. Ne4 Bxe4 21. Bxe4
Nxe4 22. Rxe4 Bg7 23. Rae1 dxe5 24. fxe5 Qd5 25. Kh1 Qxa2 26. e6 f5 27. R4e2
Qc4 28. e7 c5 29. b3 Qa6 30. Nc6 c4 31. Qd5+ Kh7 32. Qf7 cxb3 33. Re6 g5 34.
Ne5 1-0

[Event "Competence Computers Int"]
[Site "Brighton"]
[Date "1980.12.16"]
[Round "7"]
[White "Day, Lawrence A"]
[Black "Gruchacz, Robert"]
[Result "1-0"]
[WhiteElo "2385"]
[BlackElo "2365"]
[PlyCount "43"]
[EventDate "1980.12.10"]
[EventType "tourn"]
[EventRounds "9"]
[EventCountry "ENG"]
[SourceTitle "EXT 2018"]
[Source "ChessBase"]
[SourceDate "2017.10.13"]
[SourceVersion "1"]
[SourceVersionDate "2017.10.13"]
[SourceQuality "1"]

1. e4 e6 2. d4 d5 3. Nc3 Bb4 4. e5 c5 5. Bd2 Ne7 6. Nb5 Bxd2+ 7. Qxd2 O-O 8. f4
cxd4 9. Nf3 Nbc6 10. Nbxd4 Bd7 11. Be2 Qb6 12. O-O Nxd4 13. Qxd4 Qxd4+ 14. Nxd4
Rac8 15. c3 Rc7 16. a4 a5 17. Rfc1 Rfc8 18. Bd3 Rf8 19. g3 Nc8 20. Rc2 Nb6 21.
b3 Re8 22. Kf2 1-0

[Event "Competence Computers Int"]
[Site "Brighton"]
[Date "1980.12.16"]
[Round "7"]
[White "Goodman, David SC"]
[Black "Chandler, Murray G"]
[Result "1/2-1/2"]
[WhiteElo "2375"]
[BlackElo "2450"]
[PlyCount "56"]
[EventDate "1980.12.10"]
[EventType "tourn"]
[EventRounds "9"]
[EventCountry "ENG"]
[SourceTitle "EXT 2018"]
[Source "ChessBase"]
[SourceDate "2017.10.13"]
[SourceVersion "1"]
[SourceVersionDate "2017.10.13"]
[SourceQuality "1"]

1. d4 Nf6 2. c4 g6 3. Nf3 Bg7 4. Nc3 d5 5. cxd5 Nxd5 6. e4 Nxc3 7. bxc3 c5 8.
Rb1 O-O 9. Be2 Nc6 10. d5 Bxc3+ 11. Bd2 Bxd2+ 12. Qxd2 Nb8 13. h4 f6 14. h5 g5
15. h6 e5 16. Nh2 b6 17. Ng4 Na6 18. g3 Bxg4 19. Bxg4 Qd6 20. f4 gxf4 21. gxf4
Kh8 22. Be6 exf4 23. Rg1 Nc7 24. Bf5 Rg8 25. Kf2 f3 26. Kxf3 Nb5 27. Rg7 Rxg7
28. hxg7+ Kxg7 1/2-1/2

[Event "Competence Computers Int"]
[Site "Brighton"]
[Date "1980.12.16"]
[Round "7"]
[White "Van der Vliet, Fredrik"]
[Black "Taulbut, Shaun M"]
[Result "0-1"]
[WhiteElo "2380"]
[BlackElo "2375"]
[PlyCount "82"]
[EventDate "1980.12.10"]
[EventType "tourn"]
[EventRounds "9"]
[EventCountry "ENG"]
[SourceTitle "EXT 2018"]
[Source "ChessBase"]
[SourceDate "2017.10.13"]
[SourceVersion "1"]
[SourceVersionDate "2017.10.13"]
[SourceQuality "1"]

1. d4 Nf6 2. c4 g6 3. g3 Bg7 4. Bg2 O-O 5. Nf3 d6 6. O-O Nc6 7. Nc3 Rb8 8. d5
Na5 9. Nd2 c5 10. Qc2 e6 11. dxe6 Bxe6 12. b3 d5 13. cxd5 Nxd5 14. Bb2 Nb4 15.
Qc1 Nac6 16. a3 Nd4 17. Qd1 Nbc6 18. Rb1 Na5 19. b4 cxb4 20. axb4 Nc4 21. Nxc4
Bxc4 22. Re1 Bb3 23. Qc1 Rc8 24. Qf4 Bc2 25. Rbc1 Ne6 26. Qf3 Ng5 27. Qxb7 Bxc3
28. Bxc3 Rxc3 29. Qxa7 Qc7 30. Qxc7 Rxc7 31. b5 Rb8 32. Bc6 Be4 33. h4 Bxc6 34.
hxg5 Rxb5 35. Rc4 Kf8 36. Rec1 Rb6 37. f3 Ke7 38. Kf2 Kd7 39. Rd1+ Kc8 40. Rdc1
Kb7 41. Rh1 Rb2 0-1

[Event "Competence Computers Int"]
[Site "Brighton"]
[Date "1980.12.16"]
[Round "7"]
[White "Watson, William N"]
[Black "Speelman, Jonathan S"]
[Result "1/2-1/2"]
[WhiteElo "2300"]
[BlackElo "2490"]
[PlyCount "28"]
[EventDate "1980.12.10"]
[EventType "tourn"]
[EventRounds "9"]
[EventCountry "ENG"]
[SourceTitle "EXT 2018"]
[Source "ChessBase"]
[SourceDate "2017.10.13"]
[SourceVersion "1"]
[SourceVersionDate "2017.10.13"]
[SourceQuality "1"]

1. e4 c6 2. d4 d5 3. Nd2 dxe4 4. Nxe4 Bf5 5. Ng3 Bg6 6. Nf3 Nd7 7. h4 h6 8. h5
Bh7 9. Bd3 Bxd3 10. Qxd3 Ngf6 11. Bf4 Qa5+ 12. Bd2 Qc7 13. O-O e6 14. Qe2 O-O-O
1/2-1/2

[Event "Competence Computers Int"]
[Site "Brighton"]
[Date "1980.12.17"]
[Round "8"]
[White "Chandler, Murray G"]
[Black "Van der Vliet, Fredrik"]
[Result "1/2-1/2"]
[WhiteElo "2450"]
[BlackElo "2380"]
[PlyCount "77"]
[EventDate "1980.12.10"]
[EventType "tourn"]
[EventRounds "9"]
[EventCountry "ENG"]
[SourceTitle "EXT 2018"]
[Source "ChessBase"]
[SourceDate "2017.10.13"]
[SourceVersion "1"]
[SourceVersionDate "2017.10.13"]
[SourceQuality "1"]

1. d4 Nf6 2. c4 c5 3. d5 e5 4. Nc3 d6 5. e4 Be7 6. Bd3 Nbd7 7. h3 O-O 8. Nf3 a6
9. Be3 Ne8 10. Qe2 Kh8 11. g4 g6 12. Bh6 Ng7 13. O-O-O Nf6 14. Rdg1 Bd7 15. Nd2
Ng8 16. Be3 f5 17. gxf5 gxf5 18. f4 Bf6 19. exf5 Nxf5 20. Bxf5 Bxf5 21. Nde4 b5
22. Nxf6 Qxf6 23. cxb5 axb5 24. Qxb5 exf4 25. Bxf4 Bg6 26. Rf1 Rfe8 27. Bd2 Qe5
28. Qc4 Nf6 29. Qf4 Qxf4 30. Rxf4 Nd7 31. Nb5 Rxa2 32. Bc3+ Kg8 33. Kd2 Nb6 34.
Nc7 Rc8 35. Rhf1 Ra7 36. Ne6 Rf7 37. Rxf7 Bxf7 38. Rg1+ Bg6 39. Nf4 1/2-1/2

[Event "Competence Computers Int"]
[Site "Brighton"]
[Date "1980.12.17"]
[Round "8"]
[White "Gruchacz, Robert"]
[Black "Tisdall, Jonathan D"]
[Result "1/2-1/2"]
[WhiteElo "2365"]
[BlackElo "2350"]
[PlyCount "26"]
[EventDate "1980.12.10"]
[EventType "tourn"]
[EventRounds "9"]
[EventCountry "ENG"]
[SourceTitle "EXT 2018"]
[Source "ChessBase"]
[SourceDate "2017.10.13"]
[SourceVersion "1"]
[SourceVersionDate "2017.10.13"]
[SourceQuality "1"]

1. d4 Nf6 2. c4 e6 3. Nf3 d5 4. Nc3 Nbd7 5. cxd5 exd5 6. Bg5 Be7 7. e3 c6 8.
Bd3 O-O 9. Qc2 Re8 10. h3 Nf8 11. O-O-O Qa5 12. Kb1 Be6 13. g4 Ne4 1/2-1/2

[Event "Competence Computers Int"]
[Site "Brighton"]
[Date "1980.12.17"]
[Round "8"]
[White "Taulbut, Shaun M"]
[Black "Day, Lawrence A"]
[Result "1/2-1/2"]
[WhiteElo "2375"]
[BlackElo "2385"]
[PlyCount "56"]
[EventDate "1980.12.10"]
[EventType "tourn"]
[EventRounds "9"]
[EventCountry "ENG"]
[SourceTitle "EXT 2018"]
[Source "ChessBase"]
[SourceDate "2017.10.13"]
[SourceVersion "1"]
[SourceVersionDate "2017.10.13"]
[SourceQuality "1"]

1. Nf3 Nf6 2. d4 d6 3. Nc3 Bf5 4. g3 h6 5. Bg2 Qc8 6. O-O c6 7. Nh4 Bh7 8. f4
d5 9. f5 Nbd7 10. e4 dxe4 11. Nxe4 Nxe4 12. Bxe4 Nf6 13. Bg2 g5 14. fxg6 fxg6
15. c3 Bg7 16. Qb3 g5 17. Nf3 Bg8 18. Qc2 Bh7 19. Qe2 O-O 20. Bd2 Qd7 21. Rae1
Rae8 22. b3 Ne4 23. Ne5 Rxf1+ 24. Kxf1 Qf5+ 25. Kg1 Bxe5 26. Bxe4 Qxe4 27. Qxe4
Bxe4 28. Rxe4 Bf6 1/2-1/2

[Event "Competence Computers Int"]
[Site "Brighton"]
[Date "1980.12.17"]
[Round "8"]
[White "Watson, William N"]
[Black "Goodman, David SC"]
[Result "1/2-1/2"]
[WhiteElo "2300"]
[BlackElo "2375"]
[PlyCount "23"]
[EventDate "1980.12.10"]
[EventType "tourn"]
[EventRounds "9"]
[EventCountry "ENG"]
[SourceTitle "EXT 2018"]
[Source "ChessBase"]
[SourceDate "2017.10.13"]
[SourceVersion "1"]
[SourceVersionDate "2017.10.13"]
[SourceQuality "1"]

1. e4 g6 2. d4 d6 3. Nc3 Bg7 4. Nf3 Nf6 5. Bg5 h6 6. Bf4 Bg4 7. h3 Bxf3 8. Qxf3
Nfd7 9. e5 Nc6 10. O-O-O Qc8 11. exd6 cxd6 12. Qe3 1/2-1/2

[Event "Competence Computers Int"]
[Site "Brighton"]
[Date "1980.12.18"]
[Round "9"]
[White "Day, Lawrence A"]
[Black "Chandler, Murray G"]
[Result "0-1"]
[WhiteElo "2385"]
[BlackElo "2450"]
[PlyCount "97"]
[EventDate "1980.12.10"]
[EventType "tourn"]
[EventRounds "9"]
[EventCountry "ENG"]
[SourceTitle "EXT 2018"]
[Source "ChessBase"]
[SourceDate "2017.10.13"]
[SourceVersion "1"]
[SourceVersionDate "2017.10.13"]
[SourceQuality "1"]

1. g3 c5 2. Bg2 d5 3. d3 Nc6 4. c4 Nf6 5. Bg5 dxc4 6. Bxc6+ bxc6 7. dxc4 Qd4 8.
Qb3 Ng4 9. Be3 Nxe3 10. fxe3 Qf6 11. Nc3 g6 12. Nf3 Bh6 13. Qa3 Qe6 14. Qxc5
Bxe3 15. Nd4 Qf6 16. Ne4 Qxd4 17. Qxc6+ Kf8 18. Qxa8 Qxb2 19. Rd1 Kg7 20. Qd5
Bb7 21. Qd3 Qb4+ 22. Kf1 Rd8 23. Qc3+ Qxc3 24. Nxc3 Rc8 25. Nd5 Bc5 26. e4 e6
27. Ke2 exd5 28. exd5 Ba6 29. Kd3 Ba3 30. Rc1 Bxc1 31. Rxc1 Kf6 32. Kd4 Ke7 33.
c5 Rb8 34. d6+ Kd7 35. Kd5 Rb5 36. Re1 Bb7+ 37. Kd4 Rb4+ 38. Ke5 f5 39. Kf6 Be4
40. Kg7 Rc4 41. Kxh7 g5 42. h4 gxh4 43. gxh4 Rxc5 44. Kg7 Kxd6 45. h5 Ke5 46.
h6 f4 47. a4 f3 48. Rf1 Rc7+ 49. Kg8 0-1

[Event "Competence Computers Int"]
[Site "Brighton"]
[Date "1980.12.18"]
[Round "9"]
[White "Goodman, David SC"]
[Black "Speelman, Jonathan S"]
[Result "0-1"]
[WhiteElo "2375"]
[BlackElo "2490"]
[PlyCount "66"]
[EventDate "1980.12.10"]
[EventType "tourn"]
[EventRounds "9"]
[EventCountry "ENG"]
[SourceTitle "EXT 2018"]
[Source "ChessBase"]
[SourceDate "2017.10.13"]
[SourceVersion "1"]
[SourceVersionDate "2017.10.13"]
[SourceQuality "1"]

1. d4 Nf6 2. c4 e6 3. Nf3 b6 4. a3 Bb7 5. Nc3 g6 6. Bf4 Bg7 7. h3 O-O 8. Qd2 d6
9. Rd1 Qe7 10. Bg5 c5 11. d5 exd5 12. cxd5 Re8 13. e3 h6 14. Bf4 a6 15. a4 Ne4
16. Qc2 Nxc3 17. bxc3 Qf6 18. Be2 g5 19. Bg3 Qxc3+ 20. Qxc3 Bxc3+ 21. Kf1 Nd7
22. Nd2 Bxd2 23. Rxd2 Nf6 24. Bf3 Rad8 25. Bh2 b5 26. Ke2 b4 27. a5 Bc8 28. g4
Bd7 29. Rb1 Bb5+ 30. Ke1 Kg7 31. Bg3 Kg6 32. h4 Ne4 33. Bxe4+ Rxe4 0-1

[Event "Competence Computers Int"]
[Site "Brighton"]
[Date "1980.12.18"]
[Round "9"]
[White "Tisdall, Jonathan D"]
[Black "Taulbut, Shaun M"]
[Result "1-0"]
[WhiteElo "2350"]
[BlackElo "2375"]
[PlyCount "47"]
[EventDate "1980.12.10"]
[EventType "tourn"]
[EventRounds "9"]
[EventCountry "ENG"]
[SourceTitle "EXT 2018"]
[Source "ChessBase"]
[SourceDate "2017.10.13"]
[SourceVersion "1"]
[SourceVersionDate "2017.10.13"]
[SourceQuality "1"]

1. d4 Nf6 2. c4 g6 3. Nc3 Bg7 4. e4 d6 5. Be2 O-O 6. f4 c5 7. d5 e6 8. Nf3 exd5
9. e5 dxe5 10. fxe5 Ng4 11. Bg5 Qa5 12. cxd5 Nxe5 13. O-O Bf5 14. Nxe5 Bxe5 15.
g4 Bd4+ 16. Kh1 Bd7 17. Ne4 Bb5 18. b4 Qxb4 19. Rb1 Bxe2 20. Qxe2 Qa4 21. Rxb7
Nd7 22. Be7 Rfe8 23. Nd6 Ne5 24. Nxf7 1-0

[Event "Competence Computers Int"]
[Site "Brighton"]
[Date "1980.12.18"]
[Round "9"]
[White "Watson, William N"]
[Black "Van der Vliet, Fredrik"]
[Result "1/2-1/2"]
[WhiteElo "2300"]
[BlackElo "2380"]
[PlyCount "36"]
[EventDate "1980.12.10"]
[EventType "tourn"]
[EventRounds "9"]
[EventCountry "ENG"]
[SourceTitle "EXT 2018"]
[Source "ChessBase"]
[SourceDate "2017.10.13"]
[SourceVersion "1"]
[SourceVersionDate "2017.10.13"]
[SourceQuality "1"]

1. d4 Nf6 2. c4 g6 3. g3 Bg7 4. Bg2 O-O 5. Nf3 d6 6. O-O Nbd7 7. Nc3 e5 8. e4
c6 9. h3 Qb6 10. Re1 Ne8 11. dxe5 Nxe5 12. Nxe5 dxe5 13. Be3 Qxb2 14. Qb3 Qxb3
15. axb3 Nc7 16. Bxa7 Ne6 17. Bb6 Bd7 18. Rad1 Nd4 1/2-1/2